Matematické modely v ekonomii

Salvato in:
Dettagli Bibliografici
Autore principale: Hušek, Roman
Altri autori: Maňas, Miroslav
Natura: Libro
Lingua:ceco
Pubblicazione: Praha Státní nakladatelství technické literatury 1989
Edizione:1. vyd.
Tags: Aggiungi Tag
Nessun Tag, puoi essere il primo ad aggiungerne!!

MARC

LEADER 00000nam a2200000 4500
001 c029985
005 20221215120154.3
041 0 |a cze 
044 |a CZ 
245 1 0 |a Matematické modely v ekonomii  |c Roman Hušek, Miroslav Maňas 
250 |a 1. vyd. 
264 1 |a Praha  |b Státní nakladatelství technické literatury  |c 1989 
300 |a 402 s. 
100 1 |a Hušek, Roman 
700 1 |a Maňas, Miroslav